វិស្សមកាលឥតព្រាងទុក / (Record no. 10147)
[ view plain ]
| 000 -LEADER | |
|---|---|
| fixed length control field | 03014nam a22002777a 4500 |
| 001 - CONTROL NUMBER | |
| control field | 10147 |
| 003 - CONTROL NUMBER IDENTIFIER | |
| control field | FISKH |
| 005 - DATE AND TIME OF LATEST TRANSACTION | |
| control field | 20260427101028.0 |
| 008 - FIXED-LENGTH DATA ELEMENTS--GENERAL INFORMATION | |
| fixed length control field | 260427b cb ||||| |||| 00| 0 eng d |
| 020 ## - INTERNATIONAL STANDARD BOOK NUMBER | |
| International Standard Book Number | 9789924341376 |
| 040 ## - CATALOGING SOURCE | |
| Original cataloging agency | FISKH |
| Language of cataloging | khr |
| Transcribing agency | FISKH |
| Modifying agency | FISKH |
| 082 ## - DEWEY DECIMAL CLASSIFICATION NUMBER | |
| Classification number | 895.9323 |
| 100 ## - MAIN ENTRY--PERSONAL NAME | |
| Personal name | Sominea , Meng |
| 245 ## - TITLE STATEMENT | |
| Title | វិស្សមកាលឥតព្រាងទុក / |
| Statement of responsibility, etc. | ដោយ ម៉េង សុមនា , ដឹកនាំការនិពន្ធដោយ ហួត សុជាតា |
| 260 ## - PUBLICATION, DISTRIBUTION, ETC. | |
| Place of publication, distribution, etc. | ភ្នំពេញ : |
| Name of publisher, distributor, etc. | គ្រឹះស្ថានបោះពុម្ពផ្សាយ Sipar , |
| Date of publication, distribution, etc. | 2021 . |
| 300 ## - PHYSICAL DESCRIPTION | |
| Extent | 158 pages : |
| Other physical details | illustrations ; |
| Dimensions | 20 cm . |
| 505 ## - FORMATTED CONTENTS NOTE | |
| Formatted contents note | S <br/> |
| 520 ## - SUMMARY, ETC. | |
| Summary, etc. | ណាវីនអាយុ១៦ឆ្នាំ មិនដែលមើលឃើញថាខ្លួនឯងល្អទេ ទាំងរូបរាងទាំងការនិយាយស្តី ឬ សូម្បីតែវត្តមានខ្លួនឯងនៅលើលោកនេះ ។ នាងគិតថាគ្មាននរណាស្រឡាញ់នាងទេ ទាំងឪពុកមួយថ្ងៃៗចេញក្រៅរហូត ទាំងម្តាយដែលរវល់តែលក់ដូរ ទាំងបងប្រុសដែលគិតតែពីលេងហ្គេម ។ សូម្បីតែមិត្តម្នាក់គត់របស់នាងក៏ក្បត់នាងដែរ ។ ដូច្នេះណាវីនក៏ចាកចេញ ......ដោយបង្ហាញពីទំនាក់ទំនងគ្រួសារដែលប្រេះស្រាំ " វិស្សមកាលឥតព្រាងទុក" ជាដំណើរដ៏លន្លង់លន្លោច របស់ក្មេងស្រីម្នាក់ឆ្លងកាត់ការខូចចិត្ត និងការផ្សះផ្សាដ៏ស្ងប់ស្ងាត់មួយ ដើម្បីស្វែងរកខ្លួនឯង ។ |
| 520 ## - SUMMARY, ETC. | |
| Summary, etc. | Naveen is 16 years old and has never seen anything good about herself—neither her appearance, nor her way of speaking, nor even her existence in this world. She believes that no one loves her. Her father is always out, her mother is busy with her business, and her older brother only cares about playing games. Even her only friend has betrayed her.<br/>Because of this, Naveen decides to leave…<br/>Depicting a fractured family relationship, “An Unplanned Vacation” is a deeply emotional journey of a young girl as she goes through heartbreak and a quiet reconciliation, in search of her true self. |
| 521 8# - TARGET AUDIENCE NOTE | |
| Target audience note | 790 <br/> |
| Source | Lexile estimate <br/> |
| 521 8# - TARGET AUDIENCE NOTE | |
| Target audience note | S <br/> |
| Source | Raz-Plus <br/> |
| 650 ## - SUBJECT ADDED ENTRY--TOPICAL TERM | |
| Topical term or geographic name entry element | វិស្សមកាលឥតព្រាងទុក |
| Form subdivision | ប្រលោមលោកខ្មែរ |
| 650 ## - SUBJECT ADDED ENTRY--TOPICAL TERM | |
| Topical term or geographic name entry element | Unplanned vacation |
| Form subdivision | Khmer fiction |
| 942 ## - ADDED ENTRY ELEMENTS (KOHA) | |
| Source of classification or shelving scheme | Dewey Decimal Classification |
| Koha item type | Khmer Books |
| Suppress in OPAC | No |
| Withdrawn status | Lost status | Source of classification or shelving scheme | Damaged status | Not for loan | Collection | Home library | Current library | Shelving location | Date acquired | Total Checkouts | Full call number | Barcode | Date last seen | Copy number | Price effective from | Koha item type |
|---|---|---|---|---|---|---|---|---|---|---|---|---|---|---|---|---|
| Dewey Decimal Classification | Khmer Language Books / សៀវភៅភាសាខ្មែរ | Footprints International School Library Network Toul Tom Poung Campus | Footprints International School Library Network Toul Tom Poung Campus | TTP Secondary Khmer Bookshelves | 04/27/2026 | SOM 895.9323 | 2026-0542 | 04/27/2026 | 1 | 04/27/2026 | Khmer Books | |||||
| Dewey Decimal Classification | Khmer Language Books / សៀវភៅភាសាខ្មែរ | Footprints International School Library Network Toul Tom Poung Campus | Footprints International School Library Network Toul Tom Poung Campus | TTP Secondary Khmer Bookshelves | 04/27/2026 | SOM 895.9323 | 2026-0543 | 04/27/2026 | 2 | 04/27/2026 | Khmer Books |
